000
002200000a22001090004500
082
0
4
_a
CD 110
245
1
0
_a
Cuentos y caciones favoritas 1 y 2
260
_a
: Zamora
440
0
_a
Mis Primeros
001
1964
942
_c
LGB
999
_c
49115
_d
49115